| 000 | 01577nam a2200373 a 4500 | ||
|---|---|---|---|
| 001 | 000007137 | ||
| 003 | DO-SdBNP | ||
| 005 | 20240314121607.0 | ||
| 007 | 000007137 | ||
| 008 | 090717s2002018 mx 001 0 spa d | ||
| 020 | _z9789688508211 | ||
| 040 |
_aBPMSU _bspa _cBPMSU |
||
| 082 | 4 |
_a306.81 _bD568p 2018 _222 |
|
| 100 | 1 |
_aDíez, Jordi, _d1966- |
|
| 245 | 1 | 3 |
_aLa política del matrimonio gay en América Latina : _bArgentina, Chile y México / _cJordi Díez ; prólogo Olga Sánchez Cordero ; traducción Bárbara Pérez Curiel. |
| 260 |
_aMéxico : _bFondo de Cultura Económica ; _c2018 |
||
| 300 |
_a436 p. ; _c23 cm. _b |
||
| 490 | 0 | _aSección de obras de política y derecho | |
| 500 | _aIncluye datos biogràficos del autor en la contracubierta | ||
| 500 | _aIncluye referencias bibliográficas y notas al pie de las páginas | ||
| 504 | _abibliografía : (páginas 393-423) e índice. | ||
| 534 | _pTítulo original :The politics of gay marriage in Latin America. Argentina, Chile and México. | ||
| 590 | _aInventariado, 2024/VM | ||
| 650 | 4 |
_aMatrimonio homosexual _xAmérica Latina. |
|
| 650 | 4 |
_aMatrimonio homosexual _xArgentina. |
|
| 650 | 4 |
_aMatrimonio homosexual _zChile |
|
| 650 | 4 |
_aMatrimonio homosexual _zMéxico |
|
| 700 | 1 |
_a Pérez Curiel, Bárbara, _e tr. |
|
| 700 | 1 |
_aSánchez Cordero de García Villegas, Olga, _epról. |
|
| 710 | 2 | _aFondo de Cultura Económica (México) | |
| 710 | 2 | _aCentro de Investigación y Docencia Económicas (México) | |
| 910 | _aVMateo V. Control de calidad BPMSU | ||
| 942 |
_2ddc _cBK |
||
| 999 |
_c14596 _d14596 |
||